[Event "Solin 7th"]
[Site "Solin"]
[Date "1999.12.17"]
[Round "8"]
[White "Kovacevic, Vlatko"]
[Black "Morovic Fernandez, Ivan"]
[Result "1-0"]
[WhiteElo "2490"]
[BlackElo "2605"]
[PlyCount "147"]
[EventDate "1999.12.10"]
[Source "ChessBase"]
[SourceDate "2000.04.05"]

1. d4 d5 2. e3 Nf6 3. Nf3 c6 4. c4 e6 5. Nbd2 Nbd7 6. b3 Bd6 7. Bb2 O-O 8. Be2 Ne4 9. O-O f5 10. Ne5 Nxe5 11. dxe5 Bb4 12. Nf3 Nc3 13. Qc2 Nxe2+ 14. Qxe2 a5 15. Nd4 Qe7 16. a3 Bc5 17. f4 Bd7 18. Rfc1 Bb6 19. Qc2 c5 20. Nf3 a4 21. cxd5 exd5 22. Qd3 Be6 23. b4 cxb4 24. axb4 Qxb4 25. Bd4 Bxd4 26. Nxd4 Qe7 27. Qb5 a3 28. Qb6 Ra6 29. Qb3 Rfa8 30. Rc3 Ra4 31. h3 h6 32. Ra2 Kh7 33. Kh2 R8a6 34. Qb1 Rb4 35. Qa1 Rba4 36. Rb3 Bc8 37. Qb1 Qf8 38. Qc1 Rc4 39. Qa1 Rca4 40. Nc2 Qc5 41. Nd4 Qf8 42. Rc3 Ra8 43. Qc1 Bd7 44. Rc7 Rc4 45. Rxc4 dxc4 46. Qxc4 b5 47. Nxb5 Bxb5 48. Qxb5 Qe7 49. Qd3 g6 50. Qb3 h5 51. Qd5 Ra7 52. Qb3 h4 53. Qd3 Kg7 54. Qd4 Kh7 55. Qb6 Ra8 56. Qd6 Qxd6 57. exd6 Kg7 58. d7 Kf6 59. Rxa3 Rd8 60. Rd3 Ke6 61. g3 hxg3+ 62. Kxg3 Kf7 63. Rd6 Kg7 64. Kf3 Kf7 65. e4 fxe4+ 66. Kxe4 Ke7 67. Kd5 Kf7 68. Ke5 Ke7 69. Re6+ Kf7 70. Kd6 Ra8 71. Re7+ Kf8 72. Re8+ Rxe8 73. dxe8=Q+ Kxe8 74. Ke6 1-0

[Event "Europa ch 2008"]
[Site "Plovdiv BUL"]
[Date "2008.04.25"]
[Round "5.78"]
[White "Jakovljevic, Vlado"]
[Black "Kobalia, Mikhail"]
[Result "0-1"]
[WhiteElo "2463"]
[BlackElo "2627"]
[PlyCount "89"]
[EventDate "2008.04.21"]
[Source "www.chesslib.no"]
[SourceDate "2004.05.04"]

1. Nf3 d5 2. d4 Nf6 3. c4 c6 4. e3 e6 5. Nbd2 c5 6. b3 cxd4 7. exd4 b6 8. Bd3 Bb7 9. O-O Be7 10. Qe2 Nc6 11. Bb2 Nb4 12. Bb1 O-O 13. a3 Nc6 14. Bd3 Re8 15. Rad1 Qc7 16. Rfe1 Rad8 17. b4 dxc4 18. Nxc4 Nd5 19. g3 Bf6 20. Rc1 Qb8 21. b5 Nce7 22. Nfe5 g6 23. Be4 Qa8 24. Qf3 Nf5 25. a4 Bg5 26. Rcd1 f6 27. h4 Bh6 28. Ng4 Bg7 29. h5 Rc8 30. Nd2 gxh5 31. Nh2 h4 32. Bxf5 exf5 33. Qxf5 hxg3 34. Ng4 Rxe1+ 35. Rxe1 Re8 36. Rxe8+ Qxe8 37. Ne4 Kh8 38. Nxg3 Qc8 39. Nh2 Bf8 40. Qh5 Qe6 41. Bc1 Qc8 42. Be3 Nxe3 43. fxe3 Bd6 44. Qf5 Qxf5 45. Nxf5 0-1

[Event "Las Palmas"]
[Site "?"]
[Date "1992.??.??"]
[Round "?"]
[White "Franco, Z."]
[Black "Tukmakov, V."]
[Result "1-0"]
[WhiteElo "2520"]
[BlackElo "2570"]
[PlyCount "57"]
[EventDate "1992.??.??"]
[Source "ChessBase"]
[SourceDate "1992.10.01"]

1. Nf3 d5 2. c4 c6 3. d4 Nf6 4. e3 e6 5. Nbd2 Be7 6. Bd3 O-O 7. O-O Nbd7 8. b3 b6 9. Bb2 Bb7 10. Qe2 Re8 11. Rad1 Bf8 12. Ne5 Nxe5 13. dxe5 Nd7 14. f4 Nc5 15. Bc2 b5 16. Nf3 g6 17. Ng5 bxc4 18. bxc4 Ba6 19. Qg4 Bxc4 20. Nxh7 Kxh7 21. f5 exf5 22. Rxf5 d4 23. Rxd4 Be6 24. Rxd8 Raxd8 25. Qh4+ Kg8 26. Rxf7 Kxf7 27. Qf6+ Kg8 28. Qxg6+ Bg7 29. Ba3 1-0

[Event "ARM Ch"]
[Site "Erevan ARM"]
[Date "1996.??.??"]
[Round "3"]
[White "Petrosian, Arshak B"]
[Black "Akopian, Vladimir E"]
[Result "1/2-1/2"]
[WhiteElo "2465"]
[BlackElo "2620"]
[PlyCount "25"]
[EventDate "1996.??.??"]
[Source "www.chesslib.no"]
[SourceDate "2004.05.04"]

1. d4 d5 2. c4 c6 3. e3 Nf6 4. Nf3 e6 5. Nbd2 c5 6. dxc5 Bxc5 7. a3 O-O 8. b4 Be7 9. Bb2 b6 10. Be2 Bb7 11. O-O a5 12. bxa5 Rxa5 13. Nb3 1/2-1/2

[Event "31. Internacional La Roda"]
[Site "La Roda"]
[Date "2004.04.11"]
[Round "8"]
[White "Ubilava, Elizbar"]
[Black "Kogan, Artur"]
[Result "1/2-1/2"]
[WhiteElo "2530"]
[BlackElo "2543"]
[PlyCount "78"]
[EventDate "2004.04.07"]
[Source "Roberto Alvarez"]
[SourceDate "2004.04.19"]

1. Nf3 Nf6 2. c4 c6 3. d4 d5 4. e3 e6 5. Nbd2 a6 6. Qc2 b5 7. cxb5 axb5 8. Nb3 b4 9. Bd3 Qb6 10. O-O Ba6 11. a4 bxa3 12. bxa3 Nbd7 13. a4 Bxd3 14. Qxd3 Bb4 15. a5 Qa6 16. Qxa6 Rxa6 17. Ba3 Bxa3 18. Rxa3 Ke7 19. Ne1 Rb8 20. Nd3 Ne8 21. f3 Nd6 22. Nbc5 Nxc5 23. Nxc5 Ra7 24. a6 Nc4 25. Rc3 Rb2 26. Rf2 Rb1+ 27. Rf1 Rb4 28. Ra1 Kd6 29. Kf2 Rb2+ 30. Kg3 f6 31. h4 e5 32. h5 Ke7 33. f4 exd4 34. exd4 Nd6 35. Rb3 Rxb3+ 36. Nxb3 Nb5 37. Kg4 Ke6 38. Kg3 Kd6 39. Kf3 Kc7 1/2-1/2

[Event "Dortmund op"]
[Site "Dortmund"]
[Date "1995.??.??"]
[Round "5"]
[White "Mikhalchishin, Adrian"]
[Black "Pinter, Jozsef"]
[Result "1/2-1/2"]
[WhiteElo "2505"]
[BlackElo "2565"]
[PlyCount "21"]
[EventDate "1995.07.??"]
[Source "ChessBase"]

1. d4 d5 2. c4 c6 3. Nf3 Nf6 4. e3 e6 5. Nbd2 c5 6. cxd5 exd5 7. Bb5+ Bd7 8. Bxd7+ Nbxd7 9. dxc5 Bxc5 10. O-O O-O 11. Nb3 1/2-1/2

[Event "20th Open"]
[Site "Cappelle la Grande"]
[Date "2004.03.04"]
[Round "7"]
[White "Cyborowski, Lukasz"]
[Black "Grachev, Boris"]
[Result "1/2-1/2"]
[WhiteElo "2562"]
[BlackElo "2506"]
[PlyCount "55"]
[EventDate "2004.02.28"]
[Source "Roberto Alvarez"]
[SourceDate "2004.03.08"]

1. d4 d5 2. Nf3 e6 3. c4 c6 4. e3 Nf6 5. Nbd2 c5 6. cxd5 exd5 7. dxc5 Bxc5 8. Bb5+ Nc6 9. Nb3 Bd6 10. Nbd4 O-O 11. O-O Bg4 12. Be2 Ne4 13. Bd2 Rc8 14. Bc3 Bb8 15. Rc1 Qd6 16. g3 Qh6 17. Nh4 Bxe2 18. Qxe2 Nxc3 19. bxc3 Nxd4 20. cxd4 Qe6 21. Qb5 b6 22. Nf3 h6 23. Nd2 g5 24. Nb1 f5 25. Nc3 Rcd8 26. Rfe1 Qf7 27. f4 Qe6 28. Nb1 1/2-1/2

[Event "Neckar op 6th"]
[Site "Deizisau"]
[Date "2002.03.30"]
[Round "5"]
[White "Haba, Petr"]
[Black "Fridman, Daniel"]
[Result "1/2-1/2"]
[WhiteElo "2496"]
[BlackElo "2571"]
[PlyCount "24"]
[EventDate "2002.03.28"]
[Source "ChessBase"]
[SourceDate "2002.05.03"]

1. d4 d5 2. c4 c6 3. Nf3 e6 4. Nbd2 Nf6 5. e3 c5 6. dxc5 Bxc5 7. Be2 dxc4 8. Nxc4 Qxd1+ 9. Bxd1 Nc6 10. a3 b5 11. Nce5 Nxe5 12. Nxe5 Bb7 1/2-1/2

[Event "Europa ch 2008"]
[Site "Plovdiv BUL"]
[Date "2008.04.21"]
[Round "1.50"]
[White "Potkin, Vladimir"]
[Black "Ter-Sahakyan, Samvel"]
[Result "1/2-1/2"]
[WhiteElo "2617"]
[BlackElo "2449"]
[PlyCount "73"]
[EventDate "2008.04.21"]
[Source "www.chesslib.no"]
[SourceDate "2004.05.04"]

1. d4 d5 2. c4 c6 3. Nf3 Nf6 4. e3 e6 5. Nbd2 c5 6. cxd5 exd5 7. dxc5 Bxc5 8. a3 O-O 9. b4 Bd6 10. Bb2 Qe7 11. Be2 a5 12. bxa5 Nc6 13. O-O Nxa5 14. Nd4 Bd7 15. Nb5 Bxb5 16. Bxb5 Be5 17. Bxe5 Qxe5 18. Nf3 Qc3 19. a4 Rfc8 20. Rc1 Qb4 21. g3 Rxc1 22. Qxc1 Nc4 23. Rd1 Rc8 24. Qa1 Nd6 25. Qb1 Qxb1 26. Rxb1 Kf8 27. Nd4 Nfe4 28. Bd3 Nc5 29. Bc2 Ke7 30. Ne2 Nce4 31. Rb2 Nc3 32. Bb3 Nxe2+ 33. Rxe2 Rc1+ 34. Kg2 Nc4 35. e4 d4 36. Bxc4 Rxc4 37. Rb2 1/2-1/2

[Event "Festival - Open A"]
[Site "Trieste ITA"]
[Date "2008.09.02"]
[Round "4"]
[White "Lenic, Luka"]
[Black "Banusz, Tamas"]
[Result "1-0"]
[WhiteElo "2584"]
[BlackElo "2481"]
[PlyCount "67"]
[EventDate "2008.??.??"]
[Source "www.chesslib.no"]
[SourceDate "2004.05.04"]

1. d4 d5 2. c4 c6 3. Nf3 Nf6 4. e3 e6 5. Nbd2 c5 6. dxc5 Bxc5 7. a3 a5 8. cxd5 exd5 9. Nb3 Bd6 10. Bb5+ Bd7 11. Nbd4 O-O 12. Bxd7 Qxd7 13. b3 a4 14. Bb2 axb3 15. Nxb3 Qe7 16. a4 Bb4+ 17. Nbd2 Nbd7 18. O-O Nc5 19. Nd4 Qd7 20. N4b3 Nxa4 21. Bxf6 gxf6 22. Ne4 Be7 23. Ng3 Kh8 24. Qh5 Ra6 25. Rad1 Nc3 26. Rd3 Rc6 27. e4 Rg8 28. exd5 Rc4 29. Qxf7 Rg7 30. Qe6 Qxe6 31. dxe6 Rc7 32. Nd4 Rg8 33. Ndf5 Re8 34. Nxe7 1-0

[Event "Bunratty op"]
[Site "Bunratty"]
[Date "2001.02.18"]
[Round "6"]
[White "Baburin, Alexander"]
[Black "Kelly, Brian"]
[Result "1/2-1/2"]
[WhiteElo "2598"]
[BlackElo "2464"]
[PlyCount "74"]
[EventDate "2001.02.19"]
[Source "ChessBase"]
[SourceDate "2001.03.08"]

1. d4 d5 2. c4 c6 3. Nf3 Nf6 4. e3 e6 5. Nbd2 Nbd7 6. Bd3 b6 7. O-O Bb7 8. e4 dxe4 9. Nxe4 c5 10. d5 exd5 11. cxd5 Nxe4 12. Bxe4 Bd6 13. Ng5 Nf6 14. Qa4+ Qd7 15. Qxd7+ Nxd7 16. Bf5 Nf6 17. b3 Bxd5 18. Bb2 h6 19. Bxf6 hxg5 20. Bxg7 Bxh2+ 21. Kh1 Rh4 22. Rae1+ Be6 23. Bxe6 fxe6 24. Rxe6+ Kf7 25. Rh6 Rxh6 26. Bxh6 Bf4 27. g3 Rh8 28. gxf4 Rxh6+ 29. Kg2 gxf4 30. Kf3 Rd6 31. Rh1 Kg6 32. Rg1+ Kf6 33. Kxf4 Rd2 34. Ra1 Rxf2+ 35. Ke3 Rh2 36. Kd3 Ke5 37. a4 Kd5 1/2-1/2

[Event "Lewkowitz Memorial B"]
[Site "Lewkowitz Memorial B"]
[Date "1994.??.??"]
[Round "?"]
[White "Normantas, Valentinas P"]
[Black "Perlo, Gerardus C. van"]
[Result "1-0"]
[WhiteElo "2620"]
[BlackElo "2440"]
[PlyCount "95"]
[EventDate "1994.??.??"]
[Source "www.chesslib.no"]
[SourceDate "2004.05.04"]

1. d4 d5 2. c4 e6 3. Nf3 c6 4. Nbd2 Nf6 5. e3 Nbd7 6. b3 Bb4 7. Bb2 O-O 8. Bd3 b6 9. O-O Bb7 10. Qe2 c5 11. cxd5 exd5 12. a3 Ba5 13. Rfd1 Qe7 14. Ne5 Nxe5 15. dxe5 Nd7 16. Qh5 g6 17. Qh6 Bxd2 18. Rxd2 f6 19. exf6 Nxf6 20. f3 Rae8 21. Re2 a6 22. b4 Qg7 23. Qg5 Qf7 24. bxc5 bxc5 25. Rb1 Re7 26. Rc2 c4 27. Bf1 Nh5 28. Qh4 Rc8 29. Qd4 Ng7 30. Bc3 h6 31. Rcb2 Rcc7 32. Rb6 Kh7 33. Rf6 Qe8 34. Rbb6 Rc6 35. Rfxc6 Bxc6 36. Rxa6 Nf5 37. Qf6 Bb7 38. Rb6 Bc8 39. e4 dxe4 40. fxe4 Rxe4 41. Rc6 Re7 42. Bxc4 Rb7 43. Be5 Ng7 44. Rb6 Ra7 45. Bd3 Nf5 46. Bb5 Qg8 47. Bc4 Qg7 48. Qd8 1-0

[Event "Enghien les Bains"]
[Site "Enghien les Bains"]
[Date "1997.??.??"]
[Round "5"]
[White "Anic, Darko"]
[Black "Dorfman, Josif D"]
[Result "1/2-1/2"]
[WhiteElo "2470"]
[BlackElo "2585"]
[PlyCount "52"]
[EventDate "1997.03.14"]
[Source "ChessBase"]

1. d4 Nf6 2. Nf3 d5 3. c4 c6 4. e3 e6 5. Nbd2 c5 6. cxd5 Nxd5 7. dxc5 Bxc5 8. Nb3 Be7 9. e4 Nb4 10. a3 Qxd1+ 11. Kxd1 N4c6 12. Bf4 O-O 13. Rc1 Rd8+ 14. Ke1 Bd7 15. Nc5 Bxc5 16. Rxc5 Be8 17. Rc3 Nd7 18. Bd3 e5 19. Be3 f6 20. Bc4+ Bf7 21. Ke2 Bxc4+ 22. Rxc4 Nf8 23. Rhc1 Ne6 24. b4 a6 25. g3 Kf7 26. Bb6 Rd7 1/2-1/2

[Event "Dhaka"]
[Site "Dhaka"]
[Date "1995.??.??"]
[Round "7"]
[White "Hebden, Mark"]
[Black "Handoko, Edhi"]
[Result "1-0"]
[WhiteElo "2550"]
[BlackElo "2500"]
[PlyCount "107"]
[EventDate "1995.??.??"]
[Source "ChessBase"]

1. d4 d5 2. c4 c6 3. Nf3 e6 4. Nbd2 Nf6 5. e3 Nbd7 6. b3 Ne4 7. Nxe4 dxe4 8. Nd2 f5 9. Bb2 Nf6 10. f3 exf3 11. Qxf3 Bb4 12. Bd3 e5 13. Qe2 Ne4 14. Bxe4 Qh4+ 15. g3 Qxe4 16. O-O-O Bxd2+ 17. Qxd2 f4 18. Qa5 f3 19. Ba3 Bf5 20. Qxe5+ Qxe5 21. dxe5 Bh3 22. Rd2 Rd8 23. Rxd8+ Kxd8 24. Rd1+ Ke8 25. Rd2 Kf7 26. Kd1 Re8 27. Bd6 h5 28. Ke1 Rd8 29. Kf2 Bg4 30. Rd1 Ke6 31. Rh1 Bh3 32. Kxf3 g5 33. e4 Rd7 34. Ke3 Rf7 35. Bb8 Bg4 36. h3 Bf3 37. Rh2 g4 38. h4 Bd1 39. Bxa7 Kxe5 40. Bb8+ Ke6 41. Bf4 Rd7 42. Rd2 Rxd2 43. Kxd2 Bf3 44. Ke3 Bd1 45. Kd4 Bc2 46. b4 Bd1 47. Kc5 Bc2 48. e5 Kd7 49. Kb6 Kc8 50. e6 Bf5 51. e7 Bg6 52. a4 Bf7 53. a5 c5 54. bxc5 1-0

[Event "Leon-B"]
[Site "Leon"]
[Date "1996.??.??"]
[Round "4"]
[White "Garcia Ilundain, David"]
[Black "Vera, Reynaldo"]
[Result "1-0"]
[WhiteElo "2550"]
[BlackElo "2495"]
[PlyCount "71"]
[EventDate "1996.06.??"]
[Source "ChessBase"]

1. d4 d5 2. Nf3 Nf6 3. c4 c6 4. e3 e6 5. Nbd2 Nbd7 6. Bd3 Bd6 7. O-O O-O 8. e4 e5 9. cxd5 cxd5 10. Re1 Re8 11. exd5 exd4 12. Rxe8+ Qxe8 13. Nc4 Bc5 14. d6 b6 15. Bf4 Bb7 16. Qd2 a5 17. Re1 Qf8 18. a3 Bxf3 19. gxf3 b5 20. Nxa5 Bxd6 21. b4 Nh5 22. Bg3 Nxg3 23. hxg3 Bc7 24. Bxh7+ Kxh7 25. Qc2+ Kg8 26. Qxc7 Re8 27. Rd1 Ne5 28. f4 Ng4 29. Nc6 d3 30. Rxd3 g6 31. Rd8 Kg7 32. Rxe8 Qxe8 33. Ne5 Nf6 34. Qb7 Qe6 35. Qxb5 Qa2 36. Qc4 1-0

[Event "JUG Team Ch Cup"]
[Site "Becici"]
[Date "1994.??.??"]
[Round "?"]
[White "Mikhalchishin, Adrian B"]
[Black "Kosic, Dragan"]
[Result "1/2-1/2"]
[WhiteElo "2530"]
[BlackElo "2515"]
[PlyCount "62"]
[EventDate "1994.??.??"]
[Source "www.chesslib.no"]
[SourceDate "2004.05.04"]

1. Nf3 d5 2. d4 c6 3. c4 Nf6 4. e3 e6 5. Nbd2 Nbd7 6. Bd3 Bd6 7. e4 e5 8. cxd5 cxd5 9. exd5 exd4 10. Qe2+ Qe7 11. O-O Qxe2 12. Bxe2 Nxd5 13. Nxd4 O-O 14. Nc4 Bc5 15. Nb3 Be7 16. Rd1 N7f6 17. Bf3 Rd8 18. Bg5 Be6 19. Nba5 Rd7 20. Nxb7 Rxb7 21. Bxf6 Bxf6 22. Bxd5 Bxd5 23. Rxd5 Rc7 24. Ne3 Bxb2 25. Rad1 g6 26. h4 h5 27. g3 a5 28. a4 Ba3 29. Rb5 Kg7 30. Kg2 Re7 31. Rd3 Bb4 1/2-1/2

[Event "EU-ch 3rd"]
[Site "Batumi"]
[Date "2002.06.14"]
[Round "3"]
[White "Volkov, Sergey"]
[Black "Bagaturov, Giorgi"]
[Result "0-1"]
[WhiteElo "2609"]
[BlackElo "2434"]
[PlyCount "154"]
[EventDate "2002.06.12"]
[Source "ChessBase"]
[SourceDate "2002.09.20"]

1. d4 d5 2. c4 c6 3. Nf3 Nf6 4. e3 e6 5. Nbd2 Nbd7 6. b3 Bd6 7. Bb2 b6 8. Bd3 Bb7 9. O-O O-O 10. Qe2 Re8 11. Ne5 c5 12. Rad1 cxd4 13. exd4 Qc7 14. Rc1 dxc4 15. Ndxc4 Qb8 16. f4 Nf8 17. f5 Qd8 18. Rcd1 exf5 19. Bxf5 Nd5 20. Qf3 f6 21. Be4 Bc7 22. Ba3 Rb8 23. Bd6 Bxd6 24. Bxd5+ Bxd5 25. Qxd5+ Re6 26. Nxd6 Qxd6 27. Qxd6 Rxd6 28. Nc4 Re6 29. d5 Re2 30. Rf2 Rbe8 31. Nd6 Re1+ 32. Rf1 Rxd1 33. Rxd1 Rd8 34. Nb5 Rd7 35. Kf2 Ng6 36. Ke3 Kf7 37. Rd2 Ne7 38. Ke4 a6 39. Nc3 b5 40. a3 Ke8 41. g4 Rd8 42. Kd4 Nc6+ 43. Kc5 Na5 44. Rd3 Rc8+ 45. Kb6 Nxb3 46. Ne4 Nc1 47. Rh3 Ra8 48. d6 Ne2 49. Rxh7 Kf7 50. Kc7 Rg8 51. d7 Nf4 52. Nc5 Kg6 53. Rh5 Nxh5 54. gxh5+ Kxh5 55. Ne4 Rf8 56. Nd6 Kg4 57. d8=Q Rxd8 58. Kxd8 f5 59. Ke7 f4 60. Ke6 Kh3 61. Ne4 Kxh2 62. Kf5 f3 63. Kf4 Kg2 64. Ke3 g5 65. Nf2 a5 66. Nd3 g4 67. Nf4+ Kf1 68. Nd3 b4 69. axb4 axb4 70. Nxb4 g3 71. Kxf3 g2 72. Nd5 g1=Q 73. Ne3+ Ke1 74. Ng4 Qf1+ 75. Ke4 Ke2 76. Ne5 Qh1+ 77. Kf5 Qh4 0-1

[Event "Linklater mem"]
[Site "San Francisco"]
[Date "2001.03.01"]
[Round "4"]
[White "Baburin, Alexander"]
[Black "Lakdawala, Cyrus"]
[Result "1-0"]
[WhiteElo "2598"]
[BlackElo "2436"]
[PlyCount "77"]
[EventDate "2001.02.26"]
[Source "ChessBase"]
[SourceDate "2001.05.17"]

1. d4 d5 2. c4 c6 3. Nf3 Nf6 4. e3 e6 5. Nbd2 Nbd7 6. Bd3 b6 7. O-O Bb7 8. b3 Be7 9. Bb2 O-O 10. Qe2 Qc7 11. Rac1 Rac8 12. Ne5 c5 13. f4 dxc4 14. bxc4 Rcd8 15. f5 Bd6 16. Ndf3 Rfe8 17. fxe6 Rxe6 18. Nxd7 Nxd7 19. d5 Re7 20. Bxh7+ Kxh7 21. Ng5+ Kg8 22. Qh5 Nf8 23. Rf3 Bxh2+ 24. Kh1 Rd6 25. Bxg7 Kxg7 26. Rcf1 Bf4 27. Rh3 Ng6 28. Rxf4 Nxf4 29. exf4 Re1+ 30. Kh2 Kf8 31. Qh8+ Ke7 32. Qh4 Re2 33. Ne6+ Kd7 34. Nxc7 Kxc7 35. Qh5 Re7 36. f5 b5 37. Qh4 Red7 38. Qf2 Kb6 39. Rb3 1-0

[Event "GMC"]
[Site "Wijk aan Zee"]
[Date "2004.01.22"]
[Round "10"]
[White "Peng, Zhaoqin"]
[Black "Pavasovic, Dusko"]
[Result "0-1"]
[WhiteElo "2419"]
[BlackElo "2615"]
[PlyCount "162"]
[EventDate "2004.01.10"]
[Source "Roberto Alvarez"]
[SourceDate "2004.01.26"]

1. d4 d5 2. c4 e6 3. Nf3 c6 4. e3 Nf6 5. Nbd2 c5 6. b3 Nc6 7. Bb2 Be7 8. Bd3 O-O 9. O-O dxc4 10. Nxc4 b6 11. dxc5 Bxc5 12. a3 a5 13. Qc2 h6 14. Rfd1 Qc7 15. Nce5 Bb7 16. Nxc6 Bxc6 17. Bxf6 gxf6 18. Be4 Rac8 19. a4 Rfd8 20. Bxc6 Qxc6 21. h3 Bf8 22. Qxc6 Rxd1+ 23. Rxd1 Rxc6 24. Nd2 Rc2 25. Nc4 Rc3 26. Rb1 Bc5 27. g4 Kg7 28. Kg2 h5 29. Kf3 Kg6 30. Nd2 hxg4+ 31. hxg4 Rc2 32. Ne4 Bb4 33. Ng3 Bc5 34. Ne4 Ba3 35. Rd1 f5 36. gxf5+ Kxf5 37. Rd7 Kg6 38. Nd6 f6 39. Nc4 Bc5 40. Rd3 e5 41. Rd2 Rc3 42. Rb2 Kf5 43. Nd2 Ba3 44. Rb1 Rc2 45. e4+ Ke6 46. Nc4 Bc5 47. Rb2 Rc1 48. Ne3 Bd4 49. Ra2 Rb1 50. Nd5 Rxb3+ 51. Ke2 f5 52. f3 f4 53. Rc2 Kd6 54. Rc4 Rb2+ 55. Ke1 Bc5 56. Kd1 Rf2 57. Rc3 Bd4 58. Rb3 Kc6 59. Ne7+ Kc5 60. Nf5 Ra2 61. Rb5+ Kc4 62. Nxd4 Kxd4 63. Rxb6 Rxa4 64. Rb5 Ra2 65. Rd5+ Ke3 66. Rxe5 Kxf3 67. Re8 Kf2 68. e5 Re2 69. e6 f3 70. e7 a4 71. Ra8 Rxe7 72. Rxa4 Rd7+ 73. Kc2 Ke3 74. Ra8 f2 75. Re8+ Kf3 76. Rf8+ Ke2 77. Re8+ Kf1 78. Rg8 Rd5 79. Rg7 Ke2 80. Re7+ Kf3 81. Rf7+ Ke3 0-1

[Event "SSKK"]
[Site "?"]
[Date "1997.04.15"]
[Round "?"]
[White "Lundholm Dr.Stig Gustav (SWE"]
[Black "Stigar Petter"]
[Result "1/2-1/2"]
[WhiteElo "2500"]
[BlackElo "2530"]
[PlyCount "63"]
[EventDate "1997.??.??"]
[Source "www.chesslib.no"]
[SourceDate "2004.05.04"]

1. d4 d5 2. c4 c6 3. Nf3 Nf6 4. e3 e6 5. Nbd2 Nbd7 6. Bd3 Bd6 7. O-O O-O 8. e4 e5 9. cxd5 cxd5 10. exd5 exd4 11. Ne4 Nxe4 12. Bxe4 Nf6 13. Qxd4 Nxe4 14. Qxe4 Re8 15. Qd4 Bf5 16. Bg5 Qb6 17. Rac1 Be4 18. Rfd1 Bxf3 19. gxf3 Re1+ 20. Kg2 Rxd1 21. Rxd1 Qxd4 22. Rxd4 Kf8 23. Rc4 Ke8 24. h3 Kd7 25. Be3 g6 26. Kf1 a6 27. Ke2 Re8 28. f4 f5 29. Kf3 Re7 30. a3 Re8 31. Bd2 Re7 32. Be3 1/2-1/2

[Event "St Petersburg zt"]
[Site "St Petersburg"]
[Date "1993.??.??"]
[Round "4"]
[White "Ibragimov, Ildar"]
[Black "Sorokin, Maxim"]
[Result "1/2-1/2"]
[WhiteElo "2540"]
[BlackElo "2490"]
[PlyCount "63"]
[EventDate "1993.01.??"]
[Source "ChessBase"]

1. c4 e6 2. Nf3 d5 3. d4 c6 4. Nbd2 Nf6 5. e3 c5 6. dxc5 Bxc5 7. a3 a5 8. b3 Nc6 9. Bb2 O-O 10. Bd3 b6 11. Qc2 Bb7 12. O-O h6 13. Rad1 Qe7 14. Qc1 Rfd8 15. Qa1 Rd7 16. cxd5 Rxd5 17. Ne4 Nxe4 18. Bxe4 Rxd1 19. Rxd1 f6 20. Bd3 Rd8 21. Bc4 Rxd1+ 22. Qxd1 Bc8 23. a4 Qd6 24. Qb1 Ne7 25. Nd4 Kh8 26. h3 e5 27. Nb5 Qd7 28. Ba3 Bxa3 29. Nxa3 Bb7 30. Qd3 Qxd3 31. Bxd3 Nc8 32. Bf5 1/2-1/2

[Event "Havana"]
[Site "Havana"]
[Date "1982.??.??"]
[Round "8"]
[White "Mikhalchishin, Adrian"]
[Black "Nogueiras, Jesus"]
[Result "1/2-1/2"]
[WhiteElo "2530"]
[BlackElo "2495"]
[PlyCount "36"]
[EventDate "1982.??.??"]
[Source "ChessBase"]

1. d4 d5 2. c4 c6 3. Nf3 Nf6 4. e3 e6 5. Nbd2 Nbd7 6. Bd3 Bd6 7. e4 e5 8. cxd5 cxd5 9. O-O O-O 10. exd5 exd4 11. Ne4 Qb6 12. Nxd6 Qxd6 13. Nxd4 Qxd5 14. Be2 Ne5 15. Bg5 b6 16. Bxf6 Bb7 17. f3 gxf6 18. Nb5 Qc5+ 1/2-1/2

[Event "Jugoslavija"]
[Site "?"]
[Date "1994.??.??"]
[Round "?"]
[White "Mikhalchishin, A."]
[Black "Kosic, D."]
[Result "1/2-1/2"]
[WhiteElo "2510"]
[BlackElo "2515"]
[PlyCount "34"]
[EventDate "1994.??.??"]
[Source "ChessBase"]
[SourceDate "1994.06.01"]

1. d4 d5 2. c4 c6 3. Nf3 Nf6 4. e3 e6 5. Nbd2 Nbd7 6. Bd3 Bd6 7. e4 e5 8. cxd5 cxd5 9. O-O O-O 10. exd5 exd4 11. Ne4 Nxe4 12. Bxe4 Nf6 13. Bg5 Be7 14. Bc2 Nxd5 15. Bxe7 Qxe7 16. Qxd4 Be6 17. Rfe1 Rfd8 1/2-1/2

[Event "ch-UKR"]
[Site "Simferopol"]
[Date "2003.11.12"]
[Round "9"]
[White "Eljanov, Pavel"]
[Black "Arzumanian, Georgy"]
[Result "1-0"]
[WhiteElo "2597"]
[BlackElo "2427"]
[PlyCount "49"]
[EventDate "2003.11.04"]
[Source "Roberto Alvarez"]
[SourceDate "2003.12.22"]

1. d4 d5 2. c4 e6 3. Nf3 c6 4. Nbd2 Nf6 5. e3 c5 6. b3 Nc6 7. Bb2 cxd4 8. exd4 Be7 9. Bd3 O-O 10. O-O b6 11. Qe2 Bb7 12. Rac1 Rc8 13. Rfd1 Re8 14. Qe3 Bf8 15. Ne5 Ne7 16. Ndf3 h6 17. Qf4 Qd6 18. c5 bxc5 19. dxc5 Rxc5 20. Rxc5 Qxc5 21. Nxf7 Kxf7 22. Bxf6 gxf6 23. Ne5+ Kg8 24. Qg4+ Bg7 25. Qxe6+ 1-0

[Event "ARG-ch97"]
[Site "Villa Martelli"]
[Date "1998.08.11"]
[Round "5"]
[White "Slipak, Sergio"]
[Black "Spangenberg, Hugo"]
[Result "1/2-1/2"]
[WhiteElo "2500"]
[BlackElo "2520"]
[PlyCount "61"]
[EventDate "1998.04.15"]
[Source "www.chesslib.no"]
[SourceDate "2004.05.04"]

1. d4 d5 2. Nf3 c6 3. c4 e6 4. Nbd2 Nf6 5. e3 c5 6. dxc5 Bxc5 7. a3 a5 8. b3 O-O 9. Qc2 Bd6 10. Bb2 Nc6 11. Bd3 h6 12. O-O Bd7 13. Rad1 Qe7 14. Qc1 Ng4 15. Qa1 f5 16. h3 Nf6 17. cxd5 Nxd5 18. Nc4 Bc7 19. Nce5 Nxe5 20. Bxe5 Bc6 21. Nd4 Bxe5 22. Nxc6 Bxa1 23. Nxe7+ Nxe7 24. Rxa1 Kf7 25. Rfd1 Rfd8 26. Rac1 Rac8 27. Rxc8 Nxc8 28. Kf1 Nb6 29. Ke2 Rc8 30. Kd2 Kf6 31. g3 1/2-1/2

[Event "Asti op"]
[Site "Asti"]
[Date "1996.??.??"]
[Round "?"]
[White "Kosten, Anthony C"]
[Black "Luther, Thomas"]
[Result "1/2-1/2"]
[WhiteElo "2525"]
[BlackElo "2495"]
[PlyCount "69"]
[EventDate "1996.10.??"]
[Source "www.chesslib.no"]
[SourceDate "2004.05.04"]

1. c4 e6 2. Nf3 d5 3. e3 Nf6 4. d4 c6 5. Nbd2 Nbd7 6. b3 Bd6 7. Bb2 O-O 8. Bd3 b6 9. O-O Bb7 10. Qe2 Re8 11. Ne5 c5 12. Rad1 Qc7 13. f4 cxd4 14. exd4 dxc4 15. bxc4 Rad8 16. Ndf3 Nf8 17. Ng5 Re7 18. Qe3 Ba8 19. Qh3 h6 20. Ngf3 Be4 21. Rfe1 Bxd3 22. Rxd3 N6d7 23. Rc1 f6 24. Nxd7 Qxd7 25. g3 e5 26. Qxd7 Rexd7 27. fxe5 fxe5 28. Re3 exd4 29. Bxd4 Bb4 30. a3 Bd2 31. Nxd2 Rxd4 32. Nf3 Rd1+ 33. Rxd1 Rxd1+ 34. Kg2 Ra1 35. g4 1/2-1/2

[Event "RUS-Cup6"]
[Site "Krasnodar"]
[Date "1997.??.??"]
[Round "7"]
[White "Sherbakov, Ruslan"]
[Black "Beshukov, Sergei"]
[Result "1-0"]
[WhiteElo "2580"]
[BlackElo "2435"]
[PlyCount "95"]
[EventDate "1997.03.11"]
[Source "www.chesslib.no"]
[SourceDate "2004.05.04"]

1. d4 d5 2. c4 c6 3. Nf3 e6 4. Nbd2 Nf6 5. e3 c5 6. b3 Nbd7 7. Bb2 b6 8. cxd5 exd5 9. Bd3 Bb7 10. O-O Bd6 11. dxc5 Bxc5 12. Nd4 O-O 13. Nf5 g6 14. Nh6+ Kg7 15. Ng4 Kg8 16. Nxf6+ Nxf6 17. Nf3 Ne4 18. Rc1 Qe7 19. Nd4 Rac8 20. Qe2 Bd6 21. Nb5 Bb8 22. Ba3 Nc5 23. Nd4 Bd6 24. Rc2 a6 25. Bb2 Nxd3 26. Rxc8 Rxc8 27. Qxd3 Qe4 28. Qd2 a5 29. Rc1 Rxc1+ 30. Qxc1 Ba6 31. h3 Bc5 32. Nf3 Qd3 33. Ne5 Qe2 34. Nd7 Bd6 35. Nxb6 Qb5 36. Na4 Qd3 37. Bd4 Qb5 38. Nc3 Qc6 39. Qd1 Bb4 40. Ne2 Qb5 41. Nf4 Bd6 42. Qf3 Qf1+ 43. Kh2 Bb7 44. g3 Bc8 45. Nxd5 Qxh3+ 46. Kg1 Qf5 47. Nf6+ Kf8 48. Qc6 1-0